<?xml version="1.0" encoding="UTF-8"?>
<record
    xmlns:xsi="http://www.w3.org/2001/XMLSchema-instance"
    xsi:schemaLocation="http://www.loc.gov/MARC21/slim http://www.loc.gov/standards/marcxml/schema/MARC21slim.xsd"
    xmlns="http://www.loc.gov/MARC21/slim">

  <leader>02483nam a22002897i 4500</leader>
  <controlfield tag="003">DO-SdBNP</controlfield>
  <controlfield tag="005">20250402115328.0</controlfield>
  <controlfield tag="007">ta</controlfield>
  <controlfield tag="008">250402b2024    dr ao||| |||| 00| 0 spa d</controlfield>
  <datafield tag="020" ind1=" " ind2=" ">
    <subfield code="a">9789945800111</subfield>
  </datafield>
  <datafield tag="040" ind1=" " ind2=" ">
    <subfield code="a">DO-SdBNP</subfield>
    <subfield code="b">spa</subfield>
    <subfield code="c">BNPHU </subfield>
    <subfield code="e">rda</subfield>
  </datafield>
  <datafield tag="041" ind1=" " ind2=" ">
    <subfield code="a">spa</subfield>
  </datafield>
  <datafield tag="082" ind1=" " ind2="4">
    <subfield code="a">0</subfield>
    <subfield code="b">R457h</subfield>
    <subfield code="2">22</subfield>
  </datafield>
  <datafield tag="100" ind1="1" ind2=" ">
    <subfield code="a">Reyes, Jes&#xFA;s Leonardo</subfield>
    <subfield code="e">autor</subfield>
    <subfield code="4">aut.</subfield>
    <subfield code="9">87304</subfield>
  </datafield>
  <datafield tag="245" ind1="1" ind2="0">
    <subfield code="a">Historia dominicana en olimp&#xED;adas de verano :</subfield>
    <subfield code="b">Tokio 1964 a Tokio 12020 /</subfield>
    <subfield code="c">Jes&#xFA;s Leonardo Reyes ; pr&#xF3;logo, Luis Mej&#xED;a Oviedo.</subfield>
  </datafield>
  <datafield tag="264" ind1=" " ind2=" ">
    <subfield code="a">Santo Domingo, Rep&#xFA;blica Dominicana :</subfield>
    <subfield code="b">Editora Corripio,</subfield>
    <subfield code="c">2024.</subfield>
  </datafield>
  <datafield tag="300" ind1=" " ind2=" ">
    <subfield code="a">285, [6] p&#xE1;ginas : </subfield>
    <subfield code="b">ilustraciones, fotos ;</subfield>
    <subfield code="c">30 cm. </subfield>
  </datafield>
  <datafield tag="336" ind1=" " ind2=" ">
    <subfield code="a">texto</subfield>
    <subfield code="b">txt</subfield>
    <subfield code="2">rdacontent </subfield>
  </datafield>
  <datafield tag="337" ind1=" " ind2=" ">
    <subfield code="a">sin mediaci&#xF3;n </subfield>
    <subfield code="b">n</subfield>
    <subfield code="2">rdamedia</subfield>
  </datafield>
  <datafield tag="338" ind1=" " ind2=" ">
    <subfield code="a">volumen </subfield>
    <subfield code="b">nc</subfield>
    <subfield code="2">rdacarrier </subfield>
  </datafield>
  <datafield tag="500" ind1=" " ind2=" ">
    <subfield code="a">Incluye datos del autor en la solapa de la cubierta.</subfield>
  </datafield>
  <datafield tag="504" ind1=" " ind2=" ">
    <subfield code="a">Bibliograf&#xED;a: p. 291</subfield>
  </datafield>
  <datafield tag="505" ind1=" " ind2=" ">
    <subfield code="a">Dedicatoria, 5. --Mensaje del presidente del COD, 8. --Exhortaci&#xF3;n ol&#xED;mpica, 9-10. --Pr&#xF3;logo, 11-12. --Introducci&#xF3;n, 13-14-15. --historia del COD, 16-17. --galer&#xED;a de los presidentes del COD, 28. -- Aporte del sector privado al deporte (Creso), 29. --Atletas dominicanos abanderados en Olimp&#xED;adas, 30-33. --Juegos Ol&#xED;mpico Tokio, Jap&#xF3;n, 1964. --Juegos Ol&#xED;mpicos M&#xE9;xico, 1968, 41-51. --Juegos Ol&#xED;mpicos M&#xFA;nich, Alemania, 1972, 53-61. --Juegos Ol&#xED;mpicos Montreal, Canad&#xE1;, 1976, 63-69. --Juegos Ol&#xED;mpicos Mosc&#xFA;, Rusia, 1980, 71-77. --Juegos Ol&#xED;mpicos Los &#xC1;ngeles, Estados Unidos, 1984, 79-91, 79-91. --juegos Ol&#xED;mpicos Se&#xFA;l, Corea del Sur, 1988, 93-103. --Juegos Ol&#xED;mpicos Barcelona, Espa&#xF1;a, 199, 105-123. --juegos Ol&#xED;mpicos Atlanta, Estados Unidos, 1996, 125-139. --juegos Ol&#xED;mpicos Sydney, Australia, 2000, 141-151. --juegos Ol&#xED;mpicos Atenas, Grecia, 2004, 153-171. --Juegos Ol&#xED;mpicos Beijing, China, 2008, 173-187. --Juegos Ol&#xED;mpicos Londres, Inglaterra, 2012, 89-211. --Juegos Ol&#xED;mpico Rio de Janeiro, Brasil, 2016. 213-227. --Juegos Ol&#xED;mpicos Tokio, Jap&#xF3;n, 2020, 229-277. --Cuadros de estad&#xED;sticos, 278-282. Las Medallas. --Deportistas medallistas en Olimp&#xED;adas. --Las preseas ol&#xED;mpicas de Rep&#xFA;blica Dominicana. --Los deportes y cantidad de atletas por edici&#xF3;n en juegos Ol&#xED;mpicos. --Atletas con m&#xE1;s de una presencia en Juegos Ol&#xED;mpicos. --Delegaci&#xF3;n atl&#xE9;tica en cada olimp&#xED;adas, 263-285. --Bibliograf&#xED;a, 291.</subfield>
  </datafield>
  <datafield tag="590" ind1=" " ind2=" ">
    <subfield code="a">Inventariado, 2025 /LP </subfield>
  </datafield>
  <datafield tag="700" ind1="1" ind2=" ">
    <subfield code="a">Mej&#xED;a Oviedo, Luis,</subfield>
    <subfield code="e">prologuista</subfield>
    <subfield code="4">pr.</subfield>
    <subfield code="9">46135</subfield>
  </datafield>
  <datafield tag="942" ind1=" " ind2=" ">
    <subfield code="2">ddc</subfield>
    <subfield code="c">LBS1</subfield>
  </datafield>
  <datafield tag="952" ind1=" " ind2=" ">
    <subfield code="0">0</subfield>
    <subfield code="1">0</subfield>
    <subfield code="2">ddc</subfield>
    <subfield code="5">1</subfield>
    <subfield code="7">0</subfield>
    <subfield code="8">PD</subfield>
    <subfield code="a">BNPHU</subfield>
    <subfield code="b">BNPHU</subfield>
    <subfield code="c">CT</subfield>
    <subfield code="d">2024-09-02</subfield>
    <subfield code="e">Dep&#xF3;sito Legal </subfield>
    <subfield code="l">0</subfield>
    <subfield code="o">0 R457h</subfield>
    <subfield code="p">2025-2380</subfield>
    <subfield code="r">2025-04-02</subfield>
    <subfield code="w">2025-04-02</subfield>
    <subfield code="y">LBS1</subfield>
  </datafield>
  <datafield tag="952" ind1=" " ind2=" ">
    <subfield code="0">0</subfield>
    <subfield code="1">0</subfield>
    <subfield code="2">ddc</subfield>
    <subfield code="5">1</subfield>
    <subfield code="7">0</subfield>
    <subfield code="8">PD</subfield>
    <subfield code="a">BNPHU</subfield>
    <subfield code="b">BNPHU</subfield>
    <subfield code="c">CT</subfield>
    <subfield code="d">2024-09-02</subfield>
    <subfield code="e">Dep&#xF3;sito Legal </subfield>
    <subfield code="l">0</subfield>
    <subfield code="o">0 R457h</subfield>
    <subfield code="p">2025-2381</subfield>
    <subfield code="r">2025-04-02</subfield>
    <subfield code="t">e. 2</subfield>
    <subfield code="w">2025-04-02</subfield>
    <subfield code="y">LBS1</subfield>
  </datafield>
  <datafield tag="952" ind1=" " ind2=" ">
    <subfield code="0">0</subfield>
    <subfield code="1">0</subfield>
    <subfield code="2">ddc</subfield>
    <subfield code="5">6</subfield>
    <subfield code="7">0</subfield>
    <subfield code="8">DS</subfield>
    <subfield code="a">BNPHU</subfield>
    <subfield code="b">BNPHU</subfield>
    <subfield code="c">CT</subfield>
    <subfield code="d">2025-04-02</subfield>
    <subfield code="e">Dep&#xF3;sito Legal </subfield>
    <subfield code="l">0</subfield>
    <subfield code="o">0 R457h</subfield>
    <subfield code="p">2025-2382</subfield>
    <subfield code="r">2025-04-02</subfield>
    <subfield code="t">e. 3</subfield>
    <subfield code="w">2025-04-02</subfield>
    <subfield code="y">LBS1</subfield>
  </datafield>
  <datafield tag="999" ind1=" " ind2=" ">
    <subfield code="c">58562</subfield>
    <subfield code="d">58562</subfield>
  </datafield>
</record>
